=LDR 00000nam 2200000 4500 =001 INLIS000000000021258 =005 20130612120129 =008 ***********************************Ind** =035 ##$$0010-061300000021258 =041 ##$$a Ind =082 ##$$a 92(Tri Cahyono) =090 ##$$a 92(Tri Cahyono), Tri p =100 ##$$a Tri Cahyono, Bambang =245 ##$$a Pejuang pendidikan alternatif, Prof. Dr. Tri Cahyono, M.Ec =260 ##$$a 1999 $b Jakarta =300 ##$$a xi, 121 hlm, 21 cm =650 ##$$a Tri Cahyono, Bambang - Biografi =850 ##$$a NBPNMAT